[Event "Philadelphia op"]
[Site "Philadelphia"]
[Date "2011.04.24"]
[Round "9"]
[White "Kulic, Sasa"]
[Black "Yang, Darwin"]
[Result "0-1"]
[WhiteElo "2201"]
[BlackElo "2416"]
[PlyCount "100"]
[EventDate "2011.04.20"]
[EventType "swiss"]
[EventRounds "9"]
[EventCountry "USA"]
[SourceTitle "CBM 141 Extra"]
[Source "ChessBase"]
[SourceDate "2011.05.03"]
[SourceVersion "1"]
[SourceVersionDate "2011.05.03"]
[SourceQuality "1"]

1. Nf3 d5 2. g3 Nf6 3. Bg2 c6 4. d4 Bf5 5. 0-0 Nbd7 6. c4 dxc4 7. Na3 Nb6 8. Ne5 Be6 9. e4 g6 10. Be3 Bg7 11. Qe2 0-0 12. h3 Ne8 13. Rad1 Qc8 14. Kh2 Nd6 15. f4 f6 16. Ng4 f5 17. exf5 gxf5 18. Ne5 Bd5 19. Bd2 Qe6 20. Rfe1 Rad8 21. Ba5 Bxe5 22. Qxe5 Qxe5 23. Rxe5 e6 24. Bxd5 exd5 25. Bb4 Nbc8 26. Nc2 Rf7 27. Ne3 b6 28. Rg1 a5 29. Bxd6 Nxd6 30. g4 fxg4 31. Nxg4 Kf8 32. Re6 Rg7 33. Rf6+ Ke7 34. Re1+ Kd7 35. Ree6 Kc7 36. Nh6 Rg6 37. Rxg6 hxg6 38. Rxg6 c5 39. dxc5 bxc5 40. Rg5 Kc6 41. Ng4 d4 42. Ne5+ Kb5 43. Nf3 Ne4 44. Re5 c3 45. Rxe4 cxb2 46. Nd2 c4 47. Re5+ Kb4 48. Re7 c3 49. Nb1 c2 50. Rb7+ Ka4 0-1

[Event "Canadian op"]
[Site "Kitchener"]
[Date "2006.07.23"]
[Round "9"]
[White "Kulic, Sasa"]
[Black "Thavandiran, Shiyam"]
[Result "1/2-1/2"]
[WhiteElo "2192"]
[BlackElo "2264"]
[PlyCount "54"]
[EventDate "2006.07.15"]
[EventType "swiss"]
[EventRounds "9"]
[EventCountry "CAN"]
[SourceTitle "CBM 113 Extra"]
[Source "ChessBase"]
[SourceDate "2006.09.14"]
[SourceVersion "1"]
[SourceVersionDate "2006.09.14"]
[SourceQuality "1"]

1. e4 c5 2. Nf3 Nc6 3. Nc3 d6 4. d4 cxd4 5. Nxd4 e5 6. Ndb5 a6 7. Na3 Be7 8. Nc4 b5 9. Ne3 Nf6 10. Ned5 0-0 11. Be2 Kh8 12. Nxf6 gxf6 13. Nd5 Rg8 14. Ne3 Nd4 15. Bh5 Bb7 16. c3 Ne6 17. Bxf7 Nf4 18. Bxg8 Qxg8 19. Qf3 f5 20. Nxf5 Nxg2+ 21. Ke2 Rf8 22. Rg1 Rxf5 23. Qxf5 Qc4+ 24. Kd1 Bxe4 25. Qh3 Qd5+ 26. Ke2 Qc4+ 27. Kd1 Qd5+ 1/2-1/2

[Event "Canadian op"]
[Site "Kitchener"]
[Date "2006.07.17"]
[Round "3"]
[White "Roussel Roozmon, Thomas"]
[Black "Kulic, Sasa"]
[Result "1-0"]
[WhiteElo "2430"]
[BlackElo "2192"]
[PlyCount "95"]
[EventDate "2006.07.15"]
[EventType "swiss"]
[EventRounds "9"]
[EventCountry "CAN"]
[SourceTitle "CBM 113 Extra"]
[Source "ChessBase"]
[SourceDate "2006.09.14"]
[SourceVersion "1"]
[SourceVersionDate "2006.09.14"]
[SourceQuality "1"]

1. Nf3 c5 2. c4 Nf6 3. Nc3 Nc6 4. g3 g6 5. Bg2 Bg7 6. d4 cxd4 7. Nxd4 0-0 8. 0-0 Nxd4 9. Qxd4 d6 10. Qd3 a6 11. Bd2 Rb8 12. a4 Nd7 13. Qc2 Ne5 14. b3 Nc6 15. Rac1 Bf5 16. e4 Bg4 17. h3 Nd4 18. Qd3 Bd7 19. Rb1 b5 20. cxb5 axb5 21. Be3 e5 22. Bxd4 exd4 23. Nxb5 Bxb5 24. axb5 Qd7 25. Rfc1 Rxb5 26. Bf1 Rfb8 27. Qf3 R5b7 28. h4 Qe7 29. Bc4 Qf6 30. Qd3 Qe7 31. Rc2 Rc7 32. Ra2 Re8 33. Re2 Qd8 34. b4 Qc8 35. Rc2 Qg4 36. b5 Rb8 37. b6 d5 38. Bxd5 Rc3 39. Rxc3 dxc3 40. b7 Be5 41. Ra1 Qd7 42. Ra8 Qc7 43. Rxb8+ Qxb8 44. f4 Bg7 45. e5 Qc7 46. Qb5 Qb8 47. Qc5 Bf8 48. Qxc3 1-0

[Event "Canadian op"]
[Site "Kitchener"]
[Date "2006.07.16"]
[Round "2"]
[White "Kulic, Sasa"]
[Black "Lawson, Eric"]
[Result "1/2-1/2"]
[WhiteElo "2192"]
[BlackElo "2393"]
[PlyCount "82"]
[EventDate "2006.07.15"]
[EventType "swiss"]
[EventRounds "9"]
[EventCountry "CAN"]
[SourceTitle "CBM 113 Extra"]
[Source "ChessBase"]
[SourceDate "2006.09.14"]
[SourceVersion "1"]
[SourceVersionDate "2006.09.14"]
[SourceQuality "1"]

1. e4 c5 2. Nf3 Nc6 3. d4 cxd4 4. Nxd4 Nf6 5. Nc3 e5 6. Ndb5 d6 7. Bg5 a6 8. Na3 b5 9. Nd5 Be7 10. Nxe7 Nxe7 11. Bxf6 gxf6 12. c4 bxc4 13. Nxc4 d5 14. exd5 Nxd5 15. Qa4+ Bd7 16. Qa3 Qe7 17. Nd6+ Kf8 18. Bc4 Be6 19. Bxd5 Bxd5 20. Rd1 Be6 21. 0-0 Rg8 22. f4 exf4 23. Rxf4 Rg6 24. Rfd4 Kg8 25. Qf3 Rb8 26. b3 Kh8 27. R1d2 Rbg8 28. Qb7 Qf8 29. Qxa6 Qg7 30. Qb7 f5 31. Qf3 Rxg2+ 32. Qxg2 Qe5 33. Qxg8+ Kxg8 34. Nc4 Qe1+ 35. Kg2 f4 36. Rxf4 Bxc4 37. Rd8+ Kg7 38. bxc4 Qe2+ 39. Rf2 Qe4+ 40. Kg1 Qe1+ 41. Kg2 Qe4+ 1/2-1/2

[Event "Barcelona Sants op 07th"]
[Site "Barcelona"]
[Date "2005.08.28"]
[Round "2"]
[White "Kulic, Sasa"]
[Black "Marin, Mihail"]
[Result "0-1"]
[WhiteElo "2133"]
[BlackElo "2537"]
[PlyCount "92"]
[EventDate "2005.08.27"]
[EventType "swiss"]
[EventRounds "10"]
[EventCountry "ESP"]
[SourceTitle "CBM 108 Extra"]
[Source "ChessBase"]
[SourceDate "2005.11.04"]
[SourceVersion "1"]
[SourceVersionDate "2005.11.04"]
[SourceQuality "1"]

1. e4 e5 2. Nf3 Nc6 3. d4 exd4 4. Nxd4 d6 5. Bb5 Bd7 6. Nc3 Nf6 7. 0-0 Be7 8. Re1 0-0 9. h3 Nxd4 10. Qxd4 Bxb5 11. Nxb5 Nd7 12. Qc4 a6 13. Nc3 b5 14. Qe2 Re8 15. Bf4 Bf6 16. Qd2 Nb6 17. Rab1 Nc4 18. Qd3 Re6 19. b3 Ne5 20. Qd2 c6 21. Rbd1 Ng6 22. Bg3 Qb6 23. Kh1 Qc5 24. Nb1 d5 25. exd5 cxd5 26. Rxe6 fxe6 27. Qe2 Re8 28. f4 Qc6 29. Re1 Nh4 30. Qd3 Nf5 31. Bf2 Qc7 32. Qd2 Nd6 33. Qd3 Ne4 34. Be3 Rc8 35. a4 Qxc2 36. Qxc2 Rxc2 37. axb5 axb5 38. Na3 Rc3 39. Nxb5 Rxb3 40. Nd4 Rxe3 41. Rxe3 Bxd4 42. Rb3 h5 43. g4 hxg4 44. hxg4 Nf2+ 45. Kg2 Nxg4 46. Kf3 Nh6 0-1